Инвестиционный климат российского рынка; Энергия молодых - экономике России; Ч. 1

Podrobná bibliografie
Parent link:Энергия молодых - экономике России=Energy of Youth for Russian Economy: сборник научных трудов XIV Международной научно-практической конференции студентов и молодых ученых, г. Томск, 9-11 апреля 2013 г./ Национальный исследовательский Томский политехнический университет (ТПУ) ; Вольное экономическое общество России ; Международный союз экономистов (МСЭ) ; ред. коллегия В. В. Еремин ; Ю. С. Нехорошев ; Г. А. Барышева ; И. Е. Никулина ; Т. Б. Варлачева ; И. В. Кащук ; Е. Ю. Маталасова.— , 2013
Ч. 1.— 2013.— [С. 65-66]
Hlavní autor: Дедова В. Е.
Další autoři: Филатов И. А.
Shrnutí:Заглавие с титульного экрана
Jazyk:ruština
Vydáno: 2013
Edice:Структурные изменения и устойчивое развитие национальной экономики
Témata:
On-line přístup:http://www.lib.tpu.ru/fulltext/c/2013/C23/V1/018.pdf
Médium: Elektronický zdroj Kapitola
KOHA link:https://koha.lib.tpu.ru/cgi-bin/koha/opac-detail.pl?biblionumber=244785

MARC

LEADER 00000naa2a2200000 4500
001 244785
005 20260112095607.0
035 |a (RuTPU)RU\TPU\book\266178 
035 |a RU\TPU\book\266167 
090 |a 244785 
100 |a 20131029d2013 k y0rusy50 ca 
101 0 |a rus 
102 |a RU 
135 |a drnn ---uucaa 
181 0 |a i  
182 0 |a b 
200 1 |a Инвестиционный климат российского рынка  |f В. Е. Дедова, И. А. Филатов 
203 |a Текст  |c электронный 
225 1 |a Структурные изменения и устойчивое развитие национальной экономики 
300 |a Заглавие с титульного экрана 
320 |a [Библиогр.: с. 66 (3 назв.)] 
337 |a Adobe Reader 
461 1 |0 (RuTPU)RU\TPU\book\262955  |t Энергия молодых - экономике России  |l Energy of Youth for Russian Economy  |o сборник научных трудов XIV Международной научно-практической конференции студентов и молодых ученых, г. Томск, 9-11 апреля 2013 г.  |o в 2 ч.  |f Национальный исследовательский Томский политехнический университет (ТПУ) ; Вольное экономическое общество России ; Международный союз экономистов (МСЭ) ; ред. коллегия В. В. Еремин ; Ю. С. Нехорошев ; Г. А. Барышева ; И. Е. Никулина ; Т. Б. Варлачева ; И. В. Кащук ; Е. Ю. Маталасова  |d 2013 
463 1 |0 (RuTPU)RU\TPU\book\262957  |t Ч. 1  |v [С. 65-66]  |d 2013 
610 1 |a труды учёных ТПУ 
610 1 |a электронный ресурс 
610 1 |a инвестиционный климат 
610 1 |a российский рынок 
700 1 |a Дедова  |b В. Е. 
701 1 |a Филатов  |b И. А. 
801 2 |a RU  |b 63413507  |c 20131029  |g RCR 
856 4 |u http://www.lib.tpu.ru/fulltext/c/2013/C23/V1/018.pdf 
942 |c CF